000 00453nam a22001697a 4500
005 20251108171940.0
008 250721s1984 xx 000 0 ara d
082 1 4 _aط/956.0637/محم
100 1 _aقجة، محمد
245 1 0 _aمعركة المنصور /
264 1 _aاللاذقية :
_bدار الحوار للنشر،
_c1984.
300 _a71ص
650 1 7 _aالأندلس
650 1 7 _aتاريخ
942 _2ddc
_cBK
999 _c66680
_d66680